000 00446nam a22001817a 4500
003 MPLRDC
005 20220104113853.0
008 210129b ||||| |||| 00| 0 eng d
082 _a868.2 ZY-2 c.2
100 _a曾焰
245 _a美斯乐的故事
_c
250 _a初版十刷
260 _a
_b时报文化出版事业有限
_c1989
300 _b
490 _a人间丛书. 46
650 _a泰国文学
942 _cBK
_o868.2 ZY-2 c.2
999 _c3001
_d2991